भारत का सम्पूर्ण इतिहास खण्ड एक (Record no. 69031)
[ view plain ]
| 000 -LEADER | |
|---|---|
| fixed length control field | 00438nam a22001097a 4500 |
| 082 ## - DEWEY DECIMAL CLASSIFICATION NUMBER | |
| Classification number | 954/MIS |
| 100 ## - MAIN ENTRY--AUTHOR NAME | |
| Personal name | मिश्र डॉ. भारतेश कुमार |
| 245 ## - TITLE STATEMENT | |
| Title | भारत का सम्पूर्ण इतिहास खण्ड एक |
| 260 ## - PUBLICATION, DISTRIBUTION, ETC. (IMPRINT) | |
| Place of publication | दिल्ली |
| Name of publisher | शिवांक प्रकाशन |
| Year of publication | 2011 |
| 650 ## - SUBJECT ADDED ENTRY--TOPICAL TERM | |
| Topical Term | भारत का इतिहास |
| 942 ## - ADDED ENTRY ELEMENTS (KOHA) | |
| Koha item type | Books |
| Withdrawn status | Lost status | Damaged status | Not for loan | Home library | Current library | Date acquired | Cost, normal purchase price | Full call number | Accession Number | Price effective from | Koha item type |
|---|---|---|---|---|---|---|---|---|---|---|---|
| MACL | MACL | 10/04/2026 | 2495.00 | 954/MIS | CRH029456 | 10/04/2026 | Books |









